| 000 | 00544nam a2200193 a 4500 | ||
|---|---|---|---|
| 005 | 20240504063758.0 | ||
| 008 | 991125s1967 bar 000 0 spa u | ||
| 035 | _aUPN01000007764 | ||
| 049 | _aCG | ||
| 050 | 4 | _aQ162 T4.28 | |
| 100 | 1 | _aThorpe, W. H. | |
| 245 | 1 | 0 |
_aCiencia, hombre y moral / _cW. H. Thorpe ; tr. Juan Carlos García Borrán |
| 260 |
_aBarcelona, Esp. : _bLabor, _c1967 |
||
| 300 |
_a166 p. : _bil |
||
| 440 | 0 |
_aNueva colección Labor; _v50 |
|
| 650 | 4 |
_aReligión y ciencia _98057 |
|
| 904 |
_aAC _b007764 |
||
| 905 | _aLibro | ||
| 999 |
_c7764 _d7764 |
||